<?xml version="1.0" encoding="UTF-8"?>
<record
    xmlns:xsi="http://www.w3.org/2001/XMLSchema-instance"
    xsi:schemaLocation="http://www.loc.gov/MARC21/slim http://www.loc.gov/standards/marcxml/schema/MARC21slim.xsd"
    xmlns="http://www.loc.gov/MARC21/slim">

  <leader>01222nam a2200253Ia 4500</leader>
  <datafield tag="999" ind1=" " ind2=" ">
    <subfield code="c">38949</subfield>
    <subfield code="d">38949</subfield>
  </datafield>
  <controlfield tag="001">5387</controlfield>
  <controlfield tag="003">GE_BSU</controlfield>
  <controlfield tag="005">20190425223709.0</controlfield>
  <controlfield tag="008">181216s1981||||   |||||||||||||| ||   ||</controlfield>
  <datafield tag="040" ind1=" " ind2=" ">
    <subfield code="c">GE_BSU</subfield>
  </datafield>
  <datafield tag="041" ind1=" " ind2=" ">
    <subfield code="a">geo</subfield>
  </datafield>
  <datafield tag="080" ind1=" " ind2=" ">
    <subfield code="a">624.012.4  &#x10E6;-73</subfield>
  </datafield>
  <datafield tag="100" ind1=" " ind2=" ">
    <subfield code="a">&#x10E6;&#x10DA;&#x10DD;&#x10DC;&#x10E2;&#x10D8;, &#x10DC;. </subfield>
    <subfield code="9">487</subfield>
  </datafield>
  <datafield tag="245" ind1=" " ind2=" ">
    <subfield code="a">&#x10E0;&#x10D9;&#x10D8;&#x10DC;&#x10D0;&#x10D1;&#x10D4;&#x10E2;&#x10DD;&#x10DC;&#x10D8;&#x10E1; &#x10D9;&#x10DD;&#x10DC;&#x10E1;&#x10E2;&#x10E0;&#x10E3;&#x10E5;&#x10EA;&#x10D8;&#x10D4;&#x10D1;&#x10D8;&#x10E1; &#x10D4;&#x10DA;&#x10D4;&#x10DB;&#x10D4;&#x10DC;&#x10E2;&#x10D4;&#x10D1;&#x10D8;&#x10E1; &#x10D2;&#x10D0;&#x10D0;&#x10DC;&#x10D2;&#x10D0;&#x10E0;&#x10D8;&#x10E8;&#x10D4;&#x10D1;&#x10D8;&#x10E1; &#x10DB;&#x10D0;&#x10D2;&#x10D0;&#x10DA;&#x10D8;&#x10D7;&#x10D4;&#x10D1;&#x10D8; /</subfield>
    <subfield code="b">&#x10D0;. &#x10E1;&#x10DD;&#x10EE;&#x10D0;&#x10EB;&#x10D4; ; &#x10E0;&#x10D4;&#x10D3;. &#x10D2;. &#x10D9;&#x10D8;&#x10D6;&#x10D8;&#x10E0;&#x10D8;.</subfield>
  </datafield>
  <datafield tag="260" ind1=" " ind2=" ">
    <subfield code="a">&#x10D7;&#x10D1;.</subfield>
  </datafield>
  <datafield tag="264" ind1=" " ind2=" ">
    <subfield code="a">&#x10D7;&#x10D1;&#x10D8;&#x10DA;&#x10D8;&#x10E1;&#x10D8; :</subfield>
    <subfield code="b">&#x10E1;&#x10DE;&#x10D8;,</subfield>
    <subfield code="c">1981.</subfield>
  </datafield>
  <datafield tag="300" ind1=" " ind2=" ">
    <subfield code="a">155 &#x10D2;&#x10D5;. :</subfield>
    <subfield code="b">&#x10DC;&#x10D0;&#x10EE;&#x10D0;&#x10D6;. ;</subfield>
    <subfield code="c">20 &#x10E1;&#x10DB;.</subfield>
  </datafield>
  <datafield tag="504" ind1=" " ind2=" ">
    <subfield code="a">&#x10D1;&#x10D8;&#x10D1;&#x10DA;&#x10D8;&#x10DD;&#x10D2;&#x10E0;. &#x10D2;&#x10D5;.150</subfield>
  </datafield>
  <datafield tag="653" ind1=" " ind2=" ">
    <subfield code="a">&#x10E0;&#x10D9;&#x10D8;&#x10DC;&#x10D0;&#x10D1;&#x10D4;&#x10E2;&#x10DD;&#x10DC;&#x10D8;&#x10E1; &#x10D9;&#x10DD;&#x10DC;&#x10E1;&#x10E2;&#x10E0;&#x10E3;&#x10E5;&#x10EA;&#x10D8;&#x10D4;&#x10D1;&#x10D8;&#x10E1; &#x10D4;&#x10DA;&#x10D4;&#x10DB;&#x10D4;&#x10DC;&#x10E2;&#x10D4;&#x10D1;&#x10D8;&#x10E1; &#x10D2;&#x10D0;&#x10D0;&#x10DC;&#x10D2;&#x10D0;&#x10E0;&#x10D8;&#x10E8;&#x10D4;&#x10D1;&#x10D8;&#x10E1; &#x10DB;&#x10D0;&#x10D2;&#x10D0;&#x10DA;&#x10D8;&#x10D7;&#x10D4;&#x10D1;&#x10D8;</subfield>
  </datafield>
  <datafield tag="653" ind1=" " ind2=" ">
    <subfield code="a">&#x10E0;&#x10D9;&#x10D8;&#x10DC;&#x10D0;&#x10D1;&#x10D4;&#x10E2;&#x10DD;&#x10DC;&#x10D8;&#x10E1; &#x10D9;&#x10DD;&#x10DC;&#x10E1;&#x10E2;&#x10E0;&#x10E3;&#x10E5;&#x10EA;&#x10D8;&#x10D4;&#x10D1;&#x10D8;</subfield>
  </datafield>
  <datafield tag="700" ind1=" " ind2=" ">
    <subfield code="a">&#x10E1;&#x10DD;&#x10EE;&#x10D0;&#x10EB;&#x10D4;, &#x10D0;.</subfield>
    <subfield code="e">&#x10D0;&#x10D5;&#x10E2;&#x10DD;&#x10E0;&#x10D8;</subfield>
    <subfield code="9">488</subfield>
  </datafield>
  <datafield tag="700" ind1=" " ind2=" ">
    <subfield code="a">&#x10D9;&#x10D8;&#x10D6;&#x10D8;&#x10E0;&#x10D8;&#x10D0;,&#x10D2;.</subfield>
    <subfield code="e">&#x10E0;&#x10D4;&#x10D3;&#x10D0;&#x10E5;&#x10E2;&#x10DD;&#x10E0;&#x10D8;</subfield>
    <subfield code="9">489</subfield>
  </datafield>
  <datafield tag="942" ind1=" " ind2=" ">
    <subfield code="c">BK</subfield>
    <subfield code="2">udc</subfield>
  </datafield>
  <datafield tag="952" ind1=" " ind2=" ">
    <subfield code="0">0</subfield>
    <subfield code="1">0</subfield>
    <subfield code="2">udc</subfield>
    <subfield code="4">0</subfield>
    <subfield code="6">6240124_&#x10E6;73</subfield>
    <subfield code="7">0</subfield>
    <subfield code="9">41417</subfield>
    <subfield code="a">CPL</subfield>
    <subfield code="b">SPL</subfield>
    <subfield code="c">GEN</subfield>
    <subfield code="d">2018-12-17</subfield>
    <subfield code="g">2.00</subfield>
    <subfield code="o">624.012.4  &#x10E6;-73</subfield>
    <subfield code="p">11399</subfield>
    <subfield code="r">2018-12-17</subfield>
    <subfield code="t">11399</subfield>
    <subfield code="w">2018-12-17</subfield>
    <subfield code="y">BK</subfield>
    <subfield code="z">2.00 &#x10DA;.</subfield>
  </datafield>
  <datafield tag="952" ind1=" " ind2=" ">
    <subfield code="0">0</subfield>
    <subfield code="1">0</subfield>
    <subfield code="2">udc</subfield>
    <subfield code="4">0</subfield>
    <subfield code="6">6240124_&#x10E6;73</subfield>
    <subfield code="7">0</subfield>
    <subfield code="9">41418</subfield>
    <subfield code="a">CPL</subfield>
    <subfield code="b">SPL</subfield>
    <subfield code="c">GEN</subfield>
    <subfield code="d">2018-12-17</subfield>
    <subfield code="g">2.00</subfield>
    <subfield code="o">624.012.4  &#x10E6;-73</subfield>
    <subfield code="p">11400</subfield>
    <subfield code="r">2018-12-17</subfield>
    <subfield code="t">11400</subfield>
    <subfield code="w">2018-12-17</subfield>
    <subfield code="y">BK</subfield>
    <subfield code="z">2.00 &#x10DA;.</subfield>
  </datafield>
  <datafield tag="952" ind1=" " ind2=" ">
    <subfield code="0">0</subfield>
    <subfield code="1">0</subfield>
    <subfield code="2">udc</subfield>
    <subfield code="4">0</subfield>
    <subfield code="6">6240124_&#x10E6;73</subfield>
    <subfield code="7">0</subfield>
    <subfield code="9">41419</subfield>
    <subfield code="a">CPL</subfield>
    <subfield code="b">SPL</subfield>
    <subfield code="c">GEN</subfield>
    <subfield code="d">2018-12-17</subfield>
    <subfield code="g">2.00</subfield>
    <subfield code="o">624.012.4  &#x10E6;-73</subfield>
    <subfield code="p">11401</subfield>
    <subfield code="r">2018-12-17</subfield>
    <subfield code="t">11401</subfield>
    <subfield code="w">2018-12-17</subfield>
    <subfield code="y">BK</subfield>
    <subfield code="z">2.00 &#x10DA;.</subfield>
  </datafield>
  <datafield tag="952" ind1=" " ind2=" ">
    <subfield code="0">0</subfield>
    <subfield code="1">0</subfield>
    <subfield code="2">udc</subfield>
    <subfield code="4">0</subfield>
    <subfield code="6">6240124_&#x10E6;73</subfield>
    <subfield code="7">0</subfield>
    <subfield code="9">41420</subfield>
    <subfield code="a">CPL</subfield>
    <subfield code="b">SPL</subfield>
    <subfield code="c">GEN</subfield>
    <subfield code="d">2018-12-17</subfield>
    <subfield code="g">2.00</subfield>
    <subfield code="o">624.012.4  &#x10E6;-73</subfield>
    <subfield code="p">11402</subfield>
    <subfield code="r">2018-12-17</subfield>
    <subfield code="t">11402</subfield>
    <subfield code="w">2018-12-17</subfield>
    <subfield code="y">BK</subfield>
    <subfield code="z">2.00 &#x10DA;.</subfield>
  </datafield>
  <datafield tag="952" ind1=" " ind2=" ">
    <subfield code="0">0</subfield>
    <subfield code="1">0</subfield>
    <subfield code="2">udc</subfield>
    <subfield code="4">0</subfield>
    <subfield code="6">6240124_&#x10E6;73</subfield>
    <subfield code="7">0</subfield>
    <subfield code="9">41421</subfield>
    <subfield code="a">CPL</subfield>
    <subfield code="b">SPL</subfield>
    <subfield code="c">GEN</subfield>
    <subfield code="d">2018-12-17</subfield>
    <subfield code="g">2.00</subfield>
    <subfield code="o">624.012.4  &#x10E6;-73</subfield>
    <subfield code="p">11403</subfield>
    <subfield code="r">2018-12-17</subfield>
    <subfield code="t">11403</subfield>
    <subfield code="w">2018-12-17</subfield>
    <subfield code="y">BK</subfield>
    <subfield code="z">2.00 &#x10DA;.</subfield>
  </datafield>
  <datafield tag="952" ind1=" " ind2=" ">
    <subfield code="0">0</subfield>
    <subfield code="1">0</subfield>
    <subfield code="2">udc</subfield>
    <subfield code="4">0</subfield>
    <subfield code="6">6240124_&#x10E6;73</subfield>
    <subfield code="7">0</subfield>
    <subfield code="9">41422</subfield>
    <subfield code="a">CPL</subfield>
    <subfield code="b">SPL</subfield>
    <subfield code="c">GEN</subfield>
    <subfield code="d">2018-12-17</subfield>
    <subfield code="g">2.00</subfield>
    <subfield code="o">624.012.4  &#x10E6;-73</subfield>
    <subfield code="p">11404</subfield>
    <subfield code="r">2018-12-17</subfield>
    <subfield code="t">11404</subfield>
    <subfield code="w">2018-12-17</subfield>
    <subfield code="y">BK</subfield>
    <subfield code="z">2.00 &#x10DA;.</subfield>
  </datafield>
  <datafield tag="952" ind1=" " ind2=" ">
    <subfield code="0">0</subfield>
    <subfield code="1">0</subfield>
    <subfield code="2">udc</subfield>
    <subfield code="4">0</subfield>
    <subfield code="6">6240124_&#x10E6;73</subfield>
    <subfield code="7">0</subfield>
    <subfield code="9">41423</subfield>
    <subfield code="a">CPL</subfield>
    <subfield code="b">SPL</subfield>
    <subfield code="c">GEN</subfield>
    <subfield code="d">2018-12-17</subfield>
    <subfield code="g">2.00</subfield>
    <subfield code="o">624.012.4  &#x10E6;-73</subfield>
    <subfield code="p">11405</subfield>
    <subfield code="r">2018-12-17</subfield>
    <subfield code="t">11405</subfield>
    <subfield code="w">2018-12-17</subfield>
    <subfield code="y">BK</subfield>
    <subfield code="z">2.00 &#x10DA;.</subfield>
  </datafield>
  <datafield tag="952" ind1=" " ind2=" ">
    <subfield code="0">0</subfield>
    <subfield code="1">0</subfield>
    <subfield code="2">udc</subfield>
    <subfield code="4">0</subfield>
    <subfield code="6">6240124_&#x10E6;73</subfield>
    <subfield code="7">0</subfield>
    <subfield code="9">41424</subfield>
    <subfield code="a">CPL</subfield>
    <subfield code="b">SPL</subfield>
    <subfield code="c">GEN</subfield>
    <subfield code="d">2018-12-17</subfield>
    <subfield code="g">2.00</subfield>
    <subfield code="o">624.012.4  &#x10E6;-73</subfield>
    <subfield code="p">11406</subfield>
    <subfield code="r">2018-12-17</subfield>
    <subfield code="t">11406</subfield>
    <subfield code="w">2018-12-17</subfield>
    <subfield code="y">BK</subfield>
    <subfield code="z">2.00 &#x10DA;.</subfield>
  </datafield>
  <datafield tag="952" ind1=" " ind2=" ">
    <subfield code="0">0</subfield>
    <subfield code="1">0</subfield>
    <subfield code="2">udc</subfield>
    <subfield code="4">0</subfield>
    <subfield code="6">6240124_&#x10E6;73</subfield>
    <subfield code="7">0</subfield>
    <subfield code="9">41425</subfield>
    <subfield code="a">CPL</subfield>
    <subfield code="b">SPL</subfield>
    <subfield code="c">GEN</subfield>
    <subfield code="d">2018-12-17</subfield>
    <subfield code="g">2.00</subfield>
    <subfield code="o">624.012.4  &#x10E6;-73</subfield>
    <subfield code="p">11407</subfield>
    <subfield code="r">2018-12-17</subfield>
    <subfield code="t">11407</subfield>
    <subfield code="w">2018-12-17</subfield>
    <subfield code="y">BK</subfield>
    <subfield code="z">2.00 &#x10DA;.</subfield>
  </datafield>
  <datafield tag="952" ind1=" " ind2=" ">
    <subfield code="0">0</subfield>
    <subfield code="1">0</subfield>
    <subfield code="2">udc</subfield>
    <subfield code="4">0</subfield>
    <subfield code="6">6240124_&#x10E6;73</subfield>
    <subfield code="7">0</subfield>
    <subfield code="9">41426</subfield>
    <subfield code="a">CPL</subfield>
    <subfield code="b">SPL</subfield>
    <subfield code="c">GEN</subfield>
    <subfield code="d">2018-12-17</subfield>
    <subfield code="g">2.00</subfield>
    <subfield code="o">624.012.4  &#x10E6;-73</subfield>
    <subfield code="p">11408</subfield>
    <subfield code="r">2018-12-17</subfield>
    <subfield code="t">11408</subfield>
    <subfield code="w">2018-12-17</subfield>
    <subfield code="y">BK</subfield>
    <subfield code="z">2.00 &#x10DA;.</subfield>
  </datafield>
  <datafield tag="952" ind1=" " ind2=" ">
    <subfield code="0">0</subfield>
    <subfield code="1">0</subfield>
    <subfield code="2">udc</subfield>
    <subfield code="4">0</subfield>
    <subfield code="6">6240124_&#x10E6;73</subfield>
    <subfield code="7">0</subfield>
    <subfield code="9">41427</subfield>
    <subfield code="a">CPL</subfield>
    <subfield code="b">SPL</subfield>
    <subfield code="c">GEN</subfield>
    <subfield code="d">2018-12-17</subfield>
    <subfield code="g">2.00</subfield>
    <subfield code="o">624.012.4  &#x10E6;-73</subfield>
    <subfield code="p">11409</subfield>
    <subfield code="r">2018-12-17</subfield>
    <subfield code="t">11409</subfield>
    <subfield code="w">2018-12-17</subfield>
    <subfield code="y">BK</subfield>
    <subfield code="z">2.00 &#x10DA;.</subfield>
  </datafield>
  <datafield tag="952" ind1=" " ind2=" ">
    <subfield code="0">0</subfield>
    <subfield code="1">0</subfield>
    <subfield code="2">udc</subfield>
    <subfield code="4">0</subfield>
    <subfield code="6">6240124_&#x10E6;73</subfield>
    <subfield code="7">0</subfield>
    <subfield code="9">41428</subfield>
    <subfield code="a">CPL</subfield>
    <subfield code="b">SPL</subfield>
    <subfield code="c">GEN</subfield>
    <subfield code="d">2018-12-17</subfield>
    <subfield code="g">2.00</subfield>
    <subfield code="o">624.012.4  &#x10E6;-73</subfield>
    <subfield code="p">11445</subfield>
    <subfield code="r">2018-12-17</subfield>
    <subfield code="t">11445</subfield>
    <subfield code="w">2018-12-17</subfield>
    <subfield code="y">BK</subfield>
    <subfield code="z">2.00 &#x10DA;.</subfield>
  </datafield>
</record>
